000 00621nam a2200205Ii 4500
001 13432
003 CO-ViMGA
008 241108s9999||||xx |||||||||||||| ||und||
040 _aCO-ViMGA
_bspa
_erda
_cCO-ViMGA
041 0 _aspa
082 0 4 _aF.FC 304 - P45s
100 1 _aLuis Aguilar Costa Pinto
_949683
245 1 0 _aLa sociologĂ­a del cambio y el cambio de sociologĂ­a
264 1 _aBuenos Aires, Argentina : Eudeba, 1963
300 _avolumen
336 _atext
_btxt
_2rdacontent
337 _aunmediated
_bn
_2rdamedia
338 _avolume
_bnc
_2rdacarrier
940 _aidficha_siabuc: 13134. -- ficha_no_siabuc:13432
999 _c44360
_d44360